Economics and business review
Guardado en:
| Formato: | Seriadas |
|---|---|
| Lenguaje: | inglés |
| Publicado: |
Poznań
Poznań University of Economics
2018
|
| Etiquetas: |
Sin Etiquetas, Sea el primero en etiquetar este registro!
|
MARC
| LEADER | 00000nas2a2200000 4500 | ||
|---|---|---|---|
| 001 | 0243047 | ||
| 005 | 20230126131421.7 | ||
| 022 | |a 2392-1641 | ||
| 041 | 0 | |a eng | |
| 044 | |a PL | ||
| 245 | 1 | 0 | |a Economics and business review |
| 264 | 1 | |a Poznań |b Poznań University of Economics |c 2018 | |
| 773 | 0 | |w eu_un_cat*0201742 | |
| 774 | 0 | |w eu_un_cat*0290550 | |